| 000 | 00665nam a2200217 i 4500 | ||
|---|---|---|---|
| 001 | 187097 | ||
| 003 | ES-MaACL | ||
| 005 | 20230906222821.0 | ||
| 008 | 170412s1993 mx a |||| |dspa d | ||
| 020 | _a970-91170-0-9 | ||
| 080 | _a091(=1:721/727-81 | ||
| 080 | _a003.321 | ||
| 100 | 1 |
_aHasselkus, Hans. _9162379 |
|
| 245 | 1 | 0 |
_aWooh _b: introducción al conocimiento de los códices mayas / _cHans Hasselkus. |
| 250 | _a1ª ed. | ||
| 260 |
_aMéxico : _b[H. Hasselkus], _c1993 ( _fImp. Catalonia) |
||
| 300 |
_a209, 39 p. : _bil. ; _c23 cm. |
||
| 650 |
_aManuscritos mexicanos. _914762 |
||
| 650 | 4 |
_aEscritura maya. _9155487 |
|
| 852 |
_aES-MaACL _jL-31420 |
||
| 999 |
_c187097 _d187097 |
||